LEADER 01126nam a2200277 i 4500 001 000000174312 003 CaOOAMICUS 005 20080922000000.0 008 080922s1960 it u000 u ita u 013 $a151787 040 $aSeMil$bita 100 1 $aLaloux, Jean.$0(OLS)http://semarc/name/65063 240 13$aLa nuit de Pasques.$0(OLS)http://semarc/title/249812 245 10$aVerso la Pasqua :$bdalla Settuagesima alla Pasqua /$cJean Laloux. 250 $a2. edizione. 260 $a[Brescia] :$bQueriniana,$c1960. 300 $a134 p. ;$c19 cm. 490 0 $aMeditazione e predicazione 650 4$aQuaresima - Meditazioni.$0(OLS)http://semarc/subject/2055 650 4$aQuaresima - Sussidi.$0(OLS)http://semarc/subject/26223 830 0$aMeditazione e predicazione.$0(OLS)http://semarc/title/6138 850 $aSeMil 852 $aSeMil$W1$xVenegono$y1$m3K I 442$j125150$B125150$CSeMilBibl$Z2$F138394 $81 961 $aOmaggio: Altro 996 $6245$aVerso la Pasqua :$bdalla Settuagesima alla Pasqua$9(OLS)http://semarc/title/249811 996 $6260$a[Brescia] :$bQueriniana$9(OLS)http://semarc/publisher/42542 LEADER 01130nam a2200253 i 4500 001 000000236864 003 CaOOAMICUS 005 20141212000000.0 008 141212s1919 it u000 u fre u 013 $a215769 040 $aSeMil$bita 100 1 $aSertillanges, Antonin-Dalmace,$c.$0(OLS)http://semarc/name/772 245 10$aSocialisme et Christianisme /$cA. D. Sertillanges Professeur de Philosophie Morale à l'Institut catholique de Paris. 250 $aTroisiéme édition. 260 $aParis :$bGabalda,$c1919. 260 $aParis :$bLibrairie Victor Lecoffre,$c1919. 300 $aXI, 332 p. ;$c19 cm. 650 4$aSocialismo e cristianesimo.$0(OLS)http://semarc/subject/1264 650 4$aCristianesimo e socialismo.$0(OLS)http://semarc/subject/30870 850 $aSeMil 852 $aSeMil$W1$xVenegono$y1$m3N I 94$j187210$B187210$CSeMilBibl$Z2$F198061 $81 996 $6245$aSocialisme et Christianisme$9(OLS)http://semarc/title/337546 996 $6260$aParis :$bLibrairie Victor Lecoffre$9(OLS)http://semarc/publisher/31879 996 $6260$aParis :$bGabalda$9(OLS)http://semarc/publisher/29624